| 000 | 01201nam a22004097a 4500 | ||
|---|---|---|---|
| 005 | 20250729162019.0 | ||
| 008 | 181127b2018 xxu||||| |||| 00| 0 spa d | ||
| 020 | _a9786076229712 | ||
| 041 | _aESP | ||
| 082 | _a333.72 E74d | ||
| 100 |
_aEscobedo Guerrero, Gabriela Guadalupe _950860 |
||
| 100 |
_aAndrade Vallejo, María Antonieta _950861 |
||
| 245 | _aDesarrollo sustentable: estrategia en las empresas para un futuro mejor | ||
| 260 | _aMéxico | ||
| 260 | _bAlfaomega | ||
| 260 | _c2018 | ||
| 300 | _a381 páginas | ||
| 490 | _aTurismo | ||
| 650 | _aDESARROLLO SUSTENTABLE | ||
| 650 | _aDESARROLLO SOSTENIBLE | ||
| 650 | _aSUSTENTABILIDAD | ||
| 650 | _aDESARROLLO ECONÓMICO | ||
| 650 | _aEMPRESAS VERDES | ||
| 650 | _aRECURSOS HÍDRICOS | ||
| 650 | _aENERGÍAS NO RENOVABLES | ||
| 650 | _aENERGÍAS RENOVABLES | ||
| 650 | _aRESIDUOS SÓLIDOS | ||
| 650 | _aHUELLA ECOLÓGICA | ||
| 650 | _aCAMBIO CLIMÁTICO | ||
| 650 | _aCONTAMINACIÓN AMBIENTAL | ||
| 650 | _aTRANSPORTE SUSTENTABLE | ||
| 650 | _aMARKETING ECOLÓGICO | ||
| 650 | _aMARKETING SUSTENTABLE | ||
| 650 | _aPROYECTOS VERDES | ||
| 650 | _aRESPONSABILIDAD SOCIAL EMPRESARIAL | ||
| 942 |
_cBK _2ddc |
||
| 999 |
_c11371 _d11371 |
||